Datum a čas kvízu
24
Celkem bodů
Celkový počet nahraných bodů na tomto kvízu bez doplňovacích otázek.
10.
Pořadí na kvízu
Konečné umístění týmu na tomto kvízu.
Zaznamenané odpovědi
| # | Otázka | Odpověď | Body | Výsledky |
|---|---|---|---|---|
| 1. | Miloš Zeman se poprvé po ledno... | 1 | ||
| 2. | Trosky první čínské vesmírné s... | 1 | ||
| 3. | Legendární pražská punková kap... | 0 | ||
| 4. | Maďarský vynález, který v brzk... | 0 | ||
| 5. | Po 18 letech se budou muset fa... | 0 | ||
| 6. | Oslí můstek je výraz, který se... | 0 | ||
| 7. | Blízkým a poněkud ušlechtilejš... | 0 | ||
| 8. | Koňská síla (značka HP) je sta... | 0 | ||
| 9. | Nejen koně či automobily mají... | 1 | ||
| 10. | Abyste mohli ukázat svou sílu,... | 0 |